1909 1669 1498 1120 1031 1320 1749 1103 1731 1019 1153 1239 1719 1876 1446 1039 1567 1048 1659 1824 1967 1369 1547 1211 1464 1481 1963 1320 1729 1849 1316 1529 1598 1950 1745 1948 1916 1427 1791 1742 1869 1873 1943 1512 1389 1846 1249 1589 1952 1104 1311 1408 1369 1690 1473 1415 1654 1171 1481 1267 1043 1576 1488 1140 1704 1136 1296 1241 1380 1826 1362 1194 1527 1612 1049 1879 1994 1387 1620 1921 1772 1337 1602 1734 1510 1835 1799 1888 1396 1334 1379 1539 1667 1855 1453 1609 1833 1294 1526 BCNSPRNW ULIB Ver.6.0+V

เปลี่ยนเป็นภาษาไทย

Change to English
 แสดงรายละเอียดบรรณานุกรม
  กลับหน้าหลัก

Brief Record : Get Marc (ISO 2709) : E-mail record : QR code < ปิดหน้าต่าง
LEADER : 00000nam 2200000uu 4500
001    13399123075
003     ULIB
008    140109s2551||||th 000 0 tha d
060  4 ^aWY18.2 ส845อ
100    ^aสุรีย์ ธรรมิกบวร.
245    ^a วิชาการพยาบาลเด็กและวัยรุ่น/สุรีย์ ธรรมิกบวร และคนอื่นๆ.
246    ^aเอกสารประกอบการทบทวนความรู้ วิชาการพยาบาลเด็กและวัยรุ่น
250    ^aฉบับถ่ายสำเนา
260    ^aเครือข่ายวิทยาลัยสังกัด สบช. ภาคตะวันออกเฉียงเหนือ^c2551
300    ^a166 หน้า.^bฉบับถ่ายสำเนา
650  7 ^aการพยาบาลเด็ก
650  7 การพยาบาลวัยรุ่น
945    ^p0^l0^i034275
945    ^p0^l0^i034276
945    ^p0^l0^i034277
945    ^p0^l0^i034278
945    ^p0^l0^i034279
945    ^p0^l0^i034280
945    ^p0^l0^i034281
945    ^p0^l0^i034282
945    ^p0^l0^i034283
945    ^p0^l0^i034284
999    ^aเกษร โพธิ์สุวรรณ
รายการนี้ยังไม่มีแท็ก
คุณยังไม่ได้ล็อกอิน คุณสามารถมีกิจกรรมร่วมกับเว็บไซต์ได้ แต่ต้องล็อกอินก่อน ::
  ล็อกอิน

รายการสื่อสารสนเทศ

ลำดับที่ ประเภท เลขเรียก/บาร์โค้ด สถานที่ สถานะ
1. Book การพยาบาล
หนังสือสำรอง
สถานะ=หนังสือสำรอง
WY18.2 ส845อ ฉ.1 
  Barcode: 034275
ห้องสมุดวิทยาเขตสวรรค์ประชารักษ์
►หนังสือทั่วไป
บนชั้น
2. Book การพยาบาล
Book การพยาบาล
WY18.2 ส845อ ฉ.10 
  Barcode: 034284
ห้องสมุดวิทยาเขตสวรรค์ประชารักษ์
►หนังสือทั่วไป
บนชั้น
3. Book การพยาบาล
Book การพยาบาล
WY18.2 ส845อ ฉ.2 
  Barcode: 034276
ห้องสมุดวิทยาเขตสวรรค์ประชารักษ์
►หนังสือทั่วไป
บนชั้น
4. Book การพยาบาล
Book การพยาบาล
WY18.2 ส845อ ฉ.3 
  Barcode: 034277
ห้องสมุดวิทยาเขตสวรรค์ประชารักษ์
►หนังสือทั่วไป
บนชั้น
5. Book การพยาบาล
Book การพยาบาล
WY18.2 ส845อ ฉ.4 
  Barcode: 034278
ห้องสมุดวิทยาเขตสวรรค์ประชารักษ์
►หนังสือทั่วไป
บนชั้น
6. Book การพยาบาล
Book การพยาบาล
WY18.2 ส845อ ฉ.5 
  Barcode: 034279
ห้องสมุดวิทยาเขตสวรรค์ประชารักษ์
►หนังสือทั่วไป
บนชั้น
7. Book การพยาบาล
Book การพยาบาล
WY18.2 ส845อ ฉ.6 
  Barcode: 034280
ห้องสมุดวิทยาเขตสวรรค์ประชารักษ์
►หนังสือทั่วไป
บนชั้น
8. Book การพยาบาล
Book การพยาบาล
WY18.2 ส845อ ฉ.7 
  Barcode: 034281
ห้องสมุดวิทยาเขตสวรรค์ประชารักษ์
►หนังสือทั่วไป
บนชั้น
9. Book การพยาบาล
Book การพยาบาล
WY18.2 ส845อ ฉ.8 
  Barcode: 034282
ห้องสมุดวิทยาเขตสวรรค์ประชารักษ์
►หนังสือทั่วไป
บนชั้น
10. Book การพยาบาล
Book การพยาบาล
WY18.2 ส845อ ฉ.9 
  Barcode: 034283
ห้องสมุดวิทยาเขตสวรรค์ประชารักษ์
►หนังสือทั่วไป
บนชั้น

รายการใกล้เคียง
    ผู้แต่ง [สุรีย์ ธรรมิกบวร.]

    หัวเรื่อง [การพยาบาลเด็ก]
    หัวเรื่อง [การพยาบาลวัยรุ่น]

BibComment


ยังไม่เคยถูกคอมเมนท์

คอมเมนท์ทรัพยากรรายการนี้
  คอมเมนท์: วิชาการพยาบาลเด..


 Copyright 2026. Bcnsprnw @Library